Electrochemical technology of molten salts : proceedings of the First European Workshop on Electrochemical Technology of Molten Salts, held in Sintra, Portugal, March 14-17, 1993 /

Bibliographic Details
Corporate Author: European Workshop on Electrochemical Technology of Molten Salts Sintra, Portugal
Other Authors: Sequeira, C. A. C., Picard, G. S.
Format: Conference Proceeding Book
Language:English
Published: Aedermannsdorf, Switzerland : Trans Tech Publications, [1993]
Series:Molten salt forum ; v. 1-2.
Subjects:

MARC

Tag First Indicator Second Indicator Subfields
LEADER 00000cam a22000005a 4500
001 in00001207607
005 20151002092053.0
008 941215s1993 sz 100 0 eng d
020 |a 0878496696 (pbk.) 
035 |a (OCoLC)31696740 
035 |9 AGQ3408AM 
040 |a EUN  |c EUN  |d TXA  |d UtOrBLW 
049 |a TXAM 
090 |a TP230  |b .E84 1993 
111 2 |a European Workshop on Electrochemical Technology of Molten Salts  |d (1993 :  |c Sintra, Portugal) 
245 1 0 |a Electrochemical technology of molten salts :  |b proceedings of the First European Workshop on Electrochemical Technology of Molten Salts, held in Sintra, Portugal, March 14-17, 1993 /  |c editors : C.A.C. Sequeira, G.S. Picard. 
264 1 |a Aedermannsdorf, Switzerland :  |b Trans Tech Publications,  |c [1993] 
264 4 |c ©1993 
300 |a 415 pages :  |b illustrations ;  |c 25 cm. 
336 |a text  |b txt  |2 rdacontent 
337 |a unmediated  |b n  |2 rdamedia 
338 |a volume  |b nc  |2 rdacarrier 
490 1 |a Molten salt forum ;  |v v. 1-2 
504 |a Includes bibliographical references and indexes. 
650 0 |a Fused salts  |v Congresses. 
700 1 |a Sequeira, C. A. C. 
700 1 |a Picard, G. S. 
830 0 |a Molten salt forum ;  |v v. 1-2. 
999 |a MARS 
999 f f |s c3b7ccbe-f571-304c-9d76-08e3cf059e9c  |i 7fb10a4f-e661-3f53-bd61-d893a738834a  |t 0 
952 f f |p normal  |a Texas A&M University  |b College Station  |c Sterling C. Evans Library  |d Evans: Library Stacks  |t 0  |e TP230 .E84 1993  |h Library of Congress classification  |i unmediated -- volume  |m A14819543931 
998 f f |a TP230 .E84 1993  |t 0  |l Evans: Library Stacks